| 000 | 00888nam a2200217 a 4500 | ||
|---|---|---|---|
| 003 | 0 | ||
| 005 | 20250324123839.0 | ||
| 008 | 060801s19uu xx 00 eng d | ||
| 050 |
_aPGS LB 1062.6.L43 _b.En59 2006 |
||
| 100 | _aEnriquez, Ilora. | ||
| 245 |
_aA study on the effects of learning activities of teachers on the academic achievement of the students / _cIlora Enriquez. |
||
| 260 |
_aLas PiƱas City, Philippines : _bSouthville International School and Colleges, _c2006. |
||
| 300 |
_a22 pages : _billustrations ; _c28 cm. |
||
| 504 | _aIncludes bibliographical references. | ||
| 650 |
_aAcademic achievement _vInfluence of teaching methods. |
||
| 650 |
_aLearning strategies _vEffectiveness. |
||
| 650 |
_aTeachers _vInstructional practices. |
||
| 650 |
_aStudent engagement _vImpact on performance. |
||
| 650 |
_aEducation _vActivity programs. |
||
| 942 |
_2lcc _cPASS |
||
| 999 |
_c97478 _d97478 |
||